<?xml version="1.0" encoding="UTF-8"?>
<collection xmlns="http://www.loc.gov/MARC21/slim">
 <record>
  <leader>00551pamaa2200157   4500</leader>
  <controlfield tag="001">0000021075</controlfield>
  <controlfield tag="005">20090814090000.0</controlfield>
  <datafield tag="020" ind1="0" ind2="0">
   <subfield code="a">0140261664 (pbk.) </subfield>
  </datafield>
  <datafield tag="090" ind1="0" ind2="0">
   <subfield code="a">HD31 </subfield>
   <subfield code="b">HAR 1995</subfield>
  </datafield>
  <datafield tag="100" ind1="1" ind2="0">
   <subfield code="a">Harvey-Jones </subfield>
  </datafield>
  <datafield tag="245" ind1="1" ind2="0">
   <subfield code="a">Troubleshooter returns  </subfield>
   <subfield code="c">John Harvey-Jones.</subfield>
  </datafield>
  <datafield tag="260" ind1="0" ind2="0">
   <subfield code="a">London: </subfield>
   <subfield code="b">Penguin Books/BBC Books, </subfield>
   <subfield code="c">1995.</subfield>
  </datafield>
  <datafield tag="300" ind1=" " ind2=" ">
   <subfield code="a">218 p.: </subfield>
   <subfield code="b">ill., 1 map; </subfield>
   <subfield code="c">20 cm.</subfield>
  </datafield>
  <datafield tag="500" ind1="0" ind2="0">
   <subfield code="a">&quot;Published to accompany the television series entitled Troubleshooter returns, which was first broadcast in 1995&quot;</subfield>
  </datafield>
  <datafield tag="650" ind1="0" ind2="0">
   <subfield code="a">Industrial management </subfield>
  </datafield>
  <datafield tag="650" ind1="0" ind2="0">
   <subfield code="a">Organizational change </subfield>
  </datafield>
 </record>
</collection>
